[Event "Biel HTO 56th"]
[Site "Biel"]
[Date "2023.07.25"]
[Round "8"]
[White "Ermitsch, Magnus"]
[Black "Adocchio, Giampiero"]
[Result "1-0"]
[WhiteElo "2232"]
[BlackElo "2165"]
[PlyCount "117"]
[EventDate "2023.07.17"]
[EventType "swiss"]
[EventRounds "10"]
[EventCountry "SUI"]
[SourceTitle "CBM 215 Extra"]
[Source "ChessBase"]
[SourceDate "2023.09.30"]
[SourceVersion "1"]
[SourceVersionDate "2023.09.30"]
[SourceQuality "1"]

1. e4 e6 2. d4 d5 3. Nc3 Bb4 4. exd5 exd5 5. Bd3 Nf6 6. Nge2 0-0 7. 0-0 Re8 8. Ng3 c6 9. a3 Bf8 10. Bg5 Nbd7 11. Qf3 h6 12. Bf4 Nc5 13. Be5 Nxd3 14. Bxf6 Qxf6 15. Qxf6 gxf6 16. cxd3 Bd7 17. Rfe1 Re6 18. Kf1 Rae8 19. Nce2 Bd6 20. Nh5 Kf8 21. Neg3 Rxe1+ 22. Rxe1 Rxe1+ 23. Kxe1 Ke7 24. h3 a5 25. Ng7 Bf4 26. N7f5+ Ke6 27. Ne3 Bd6 28. Ngf5 Bf8 29. Kd2 b6 30. Kc3 Bc8 31. h4 Ba6 32. Ng3 Bc8 33. Nh5 f5 34. Kd2 Bb7 35. Ke2 Ba8 36. Kf3 Bb7 37. Ke2 Bc8 38. f4 Bd7 39. Kf3 Bc8 40. Kf2 Bd7 41. Ng3 Kf6 42. h5 Be6 43. Ne2 Bg7 44. Nc2 Ke7 45. Nc3 Kd6 46. Na4 b5 47. Nc3 b4 48. axb4 axb4 49. Ne2 c5 50. Ke3 b3 51. dxc5+ Kxc5 52. Ncd4 Kb4 53. Nc1 Bxd4+ 54. Kxd4 f6 55. Ne2 Bf7 56. Nc3 Bxh5 57. Nxd5+ Kb5 58. Nxf6 Be2 59. Ng8 1-0

[Event "Biel HTO 56th"]
[Site "Biel"]
[Date "2023.07.24"]
[Round "7"]
[White "Adocchio, Giampiero"]
[Black "Nie, Xinyang"]
[Result "0-1"]
[WhiteElo "2165"]
[BlackElo "2288"]
[PlyCount "86"]
[EventDate "2023.07.17"]
[EventType "swiss"]
[EventRounds "10"]
[EventCountry "SUI"]
[SourceTitle "CBM 215 Extra"]
[Source "ChessBase"]
[SourceDate "2023.09.30"]
[SourceVersion "1"]
[SourceVersionDate "2023.09.30"]
[SourceQuality "1"]

1. d4 d5 2. c4 e6 3. Nc3 a6 4. cxd5 exd5 5. Bf4 c6 6. e3 Bd6 7. Bd3 Bxf4 8. exf4 Ne7 9. Nf3 Bf5 10. 0-0 0-0 11. Re1 Bxd3 12. Qxd3 Nd7 13. Ne5 Nb6 14. Re3 f6 15. Nf3 Qd7 16. Rae1 Qf5 17. Nh4 Qxd3 18. Rxd3 Rae8 19. Rde3 Kf7 20. b3 Nec8 21. Nf5 Rxe3 22. fxe3 Re8 23. Kf2 g6 24. Ng3 Nd6 25. Nge2 a5 26. a4 Nd7 27. g4 h6 28. Ng3 f5 29. h3 Nf6 30. Kf3 Ke6 31. Rg1 b5 32. Rc1 Rb8 33. axb5 cxb5 34. g5 hxg5 35. fxg5 Nfe4 36. Ncxe4 dxe4+ 37. Ke2 Rh8 38. Rh1 a4 39. bxa4 bxa4 40. h4 a3 41. h5 Rb8 42. Kd2 Rb2+ 43. Kc3 Kd5 0-1

[Event "Biel HTO 56th"]
[Site "Biel"]
[Date "2023.07.20"]
[Round "4"]
[White "Gemelli, Romain"]
[Black "Adocchio, Giampiero"]
[Result "0-1"]
[WhiteElo "2122"]
[BlackElo "2165"]
[PlyCount "74"]
[EventDate "2023.07.17"]
[EventType "swiss"]
[EventRounds "10"]
[EventCountry "SUI"]
[SourceTitle "CBM 215 Extra"]
[Source "ChessBase"]
[SourceDate "2023.09.30"]
[SourceVersion "1"]
[SourceVersionDate "2023.09.30"]
[SourceQuality "1"]

1. d4 d5 2. c4 c6 3. Nc3 Nf6 4. Nf3 e6 5. e3 Nbd7 6. Qc2 Bd6 7. Be2 0-0 8. 0-0 Qe7 9. Rd1 b6 10. e4 dxe4 11. Nxe4 Nxe4 12. Qxe4 Bb7 13. Bf4 Nf6 14. Bxd6 Qxd6 15. Qh4 Rfd8 16. a3 c5 17. Rd2 Qc7 18. Rad1 Ne4 19. Rd3 cxd4 20. Rxd4 Rxd4 21. Rxd4 Nf6 22. Qg5 h6 23. Qe5 Qe7 24. Qe3 Rd8 25. Ne5 Rd6 26. Qd3 Ne8 27. b4 Rxd4 28. Qxd4 Qg5 29. f3 f6 30. Nd3 Qg6 31. c5 bxc5 32. Nxc5 Bd5 33. Bd3 Qg5 34. Be4 Nc7 35. Nxe6 Qc1+ 36. Kf2 Bxe6 37. Qd8+ Kf7 0-1

[Event "Moscow Aeroflot op-B"]
[Site "Moscow"]
[Date "2020.02.26"]
[Round "8"]
[White "Adocchio, Giampiero"]
[Black "Spichkin, Alexander"]
[Result "0-1"]
[WhiteElo "2190"]
[BlackElo "2153"]
[PlyCount "42"]
[EventDate "2020.02.19"]
[EventType "swiss"]
[EventRounds "9"]
[EventCountry "RUS"]
[SourceTitle "CBM 195 Extra"]
[Source "ChessBase"]
[SourceDate "2020.05.31"]
[SourceVersion "1"]
[SourceVersionDate "2020.05.31"]
[SourceQuality "1"]

1. e4 e6 2. d4 d5 3. Nd2 dxe4 4. Nxe4 Bd7 5. c4 Bc6 6. Nc3 Nf6 7. Be3 Bb4 8. Qb3 a5 9. a3 Be7 10. 0-0-0 0-0 11. Nf3 Ne4 12. Bd3 Nxc3 13. Qxc3 Ba4 14. Rde1 Nd7 15. h4 c5 16. Ng5 h6 17. Bh7+ Kh8 18. Bb1 Qb6 19. Qd3 f5 20. Bf4 cxd4 21. Rxe6 Bxg5 0-1

[Event "Moscow Aeroflot op-B"]
[Site "Moscow"]
[Date "2020.02.22"]
[Round "4"]
[White "Adocchio, Giampiero"]
[Black "Chinguun, Sumiya"]
[Result "1/2-1/2"]
[WhiteElo "2190"]
[BlackElo "2304"]
[PlyCount "70"]
[EventDate "2020.02.19"]
[EventType "swiss"]
[EventRounds "9"]
[EventCountry "RUS"]
[SourceTitle "CBM 195"]
[Source "ChessBase"]
[SourceDate "2020.04.30"]
[SourceVersion "1"]
[SourceVersionDate "2020.04.30"]
[SourceQuality "1"]

1. d4 Nf6 2. Nf3 g6 3. g3 Bg7 4. Bg2 0-0 5. 0-0 d6 6. b3 c5 7. Bb2 Ne4 8. Nbd2 f5 9. e3 Nc6 10. Qc1 Nxd2 11. Qxd2 e5 12. Rfd1 cxd4 13. exd4 e4 14. Ne1 d5 15. c4 Be6 16. f3 Qb6 17. cxd5 Bxd5 18. fxe4 fxe4 19. Nc2 Rad8 20. Kh1 Rfe8 21. Re1 a5 22. Rad1 a4 23. Ne3 a3 24. Nxd5 Rxd5 25. Rxe4 Rxe4 26. Bxe4 Rd8 27. Bxa3 Qa6 28. Bc5 Bxd4 29. Bxd4 Rxd4 30. Qc2 Rxd1+ 31. Qxd1 Qxa2 32. Qd5+ Kg7 33. Qd7+ Kh6 34. Qh3+ Kg7 35. Qd7+ Kh6 1/2-1/2

[Event "Moscow Aeroflot op-B"]
[Site "Moscow"]
[Date "2020.02.21"]
[Round "3"]
[White "Rapport, Jovana"]
[Black "Adocchio, Giampiero"]
[Result "1/2-1/2"]
[WhiteElo "2348"]
[BlackElo "2190"]
[PlyCount "71"]
[EventDate "2020.02.19"]
[EventType "swiss"]
[EventRounds "9"]
[EventCountry "RUS"]
[SourceTitle "CBM 195"]
[Source "ChessBase"]
[SourceDate "2020.04.30"]
[SourceVersion "1"]
[SourceVersionDate "2020.04.30"]
[SourceQuality "1"]

1. d4 Nf6 2. Nf3 d5 3. c4 e6 4. Bg5 Bb4+ 5. Nc3 h6 6. Bxf6 Qxf6 7. Qa4+ Nc6 8. e3 0-0 9. Rc1 Qg6 10. Qc2 Qxc2 11. Rxc2 Rd8 12. a3 Bf8 13. h4 Bd7 14. g4 a6 15. cxd5 exd5 16. Bh3 Ne7 17. Ne5 Be8 18. g5 h5 19. Ne2 c6 20. Nf4 g6 21. Nfd3 Nc8 22. f4 Nd6 23. 0-0 Nc4 24. Nxc4 dxc4 25. Rxc4 c5 26. Nxc5 Bb5 27. Rfc1 Bxc4 28. Rxc4 b5 29. Rc2 Ra7 30. Nd3 Bd6 31. e4 Rc7 32. Re2 Rc4 33. d5 Re8 34. Ne5 Bxe5 35. fxe5 Rxe5 36. d6 1/2-1/2

[Event "Hoogeveen op 23rd"]
[Site "Hoogeveen"]
[Date "2019.10.23"]
[Round "6"]
[White "Van der Hagen, Loek"]
[Black "Adocchio, Giampiero"]
[Result "0-1"]
[WhiteElo "1983"]
[BlackElo "2184"]
[PlyCount "68"]
[EventDate "2019.10.19"]
[EventType "swiss"]
[EventRounds "9"]
[EventCountry "NED"]
[SourceTitle "CBM 192 Extra"]
[Source "Chessbase"]
[SourceDate "2019.11.06"]
[SourceVersion "1"]
[SourceVersionDate "2019.11.06"]
[SourceQuality "1"]

1. e4 c5 2. Nf3 d6 3. d4 cxd4 4. Nxd4 Nf6 5. Nc3 g6 6. Be3 a6 7. f3 b5 8. Qd2 Bb7 9. 0-0-0 b4 10. Nce2 e5 11. Nb3 a5 12. Kb1 Nbd7 13. h4 h5 14. c3 d5 15. exd5 Nxd5 16. Bg5 Qb6 17. c4 N5f6 18. Ng3 a4 19. Nc1 Be7 20. Bd3 0-0 21. Qc2 b3 22. axb3 axb3 23. Nxb3 Qa7 24. Bxg6 Nc5 25. Kc1 Nxb3+ 26. Qxb3 fxg6 27. Bxf6 Rxf6 28. Rd7 Rb6 29. Qc2 Bc5 30. Kd2 Bb4+ 31. Ke2 Bxf3+ 32. gxf3 Qxd7 33. Rg1 Bc5 34. Rd1 Qh3 0-1

[Event "Hoogeveen op 23rd"]
[Site "Hoogeveen"]
[Date "2019.10.22"]
[Round "5"]
[White "Adocchio, Giampiero"]
[Black "Doshi, Moksh Amitbhai"]
[Result "0-1"]
[WhiteElo "2184"]
[BlackElo "2328"]
[PlyCount "102"]
[EventDate "2019.10.19"]
[EventType "swiss"]
[EventRounds "9"]
[EventCountry "NED"]
[SourceTitle "CBM 192 Extra"]
[Source "Chessbase"]
[SourceDate "2019.11.06"]
[SourceVersion "1"]
[SourceVersionDate "2019.11.06"]
[SourceQuality "1"]

1. d4 Nf6 2. Nf3 g6 3. g3 b6 4. Bg2 Bb7 5. 0-0 Bg7 6. c4 0-0 7. Nbd2 c5 8. d5 e6 9. e4 d6 10. e5 dxe5 11. dxe6 fxe6 12. Nxe5 Bxg2 13. Kxg2 Nbd7 14. Nxd7 Qxd7 15. Qe2 e5 16. Ne4 Qc6 17. f3 Rad8 18. Bg5 Rd4 19. Bxf6 Bxf6 20. Rad1 Bg7 21. Rd2 Bh6 22. Rxd4 cxd4 23. b3 a6 24. h4 b5 25. h5 bxc4 26. bxc4 Rb8 27. hxg6 hxg6 28. c5 Be3 29. Qc4+ Kg7 30. Re1 g5 31. Nd6 Rb2+ 32. Re2 Rxe2+ 33. Qxe2 Qxc5 34. Nf5+ Kh7 35. Nxe3 dxe3 36. Qd3+ Kg7 37. Qd7+ Kf6 38. Qd8+ Ke6 39. Qg8+ Kd6 40. Qd8+ Kc6 41. Qe8+ Kd5 42. Qd7+ Kc4 43. Qa4+ Kc3 44. Qxa6 Kd2 45. Kf1 Qc1+ 46. Kg2 e2 47. Qd6+ Kc2 48. Qc5+ Kd1 49. Qd5+ Qd2 50. Qb3+ Kc1 51. Qc4+ Qc2 0-1

[Event "Hoogeveen op 23rd"]
[Site "Hoogeveen"]
[Date "2019.10.19"]
[Round "1"]
[White "Adocchio, Giampiero"]
[Black "Labruyere, Roger"]
[Result "1-0"]
[WhiteElo "2184"]
[BlackElo "1932"]
[PlyCount "73"]
[EventDate "2019.10.19"]
[EventType "swiss"]
[EventRounds "9"]
[EventCountry "NED"]
[SourceTitle "CBM 192 Extra"]
[Source "Chessbase"]
[SourceDate "2019.11.06"]
[SourceVersion "1"]
[SourceVersionDate "2019.11.06"]
[SourceQuality "1"]

1. e4 c5 2. Nf3 d6 3. d4 cxd4 4. Nxd4 Nf6 5. Nc3 a6 6. Bc4 e6 7. Bb3 Be7 8. g4 0-0 9. Qe2 Nc6 10. Nxc6 bxc6 11. Bg5 e5 12. h3 Nd7 13. Be3 Qa5 14. 0-0-0 Nc5 15. Bxc5 Qxc5 16. h4 Be6 17. g5 Bxb3 18. axb3 f5 19. f3 fxe4 20. fxe4 Rf4 21. Kb1 a5 22. Rdf1 Raf8 23. Rxf4 Rxf4 24. Qa6 g6 25. Qc8+ Kg7 26. Qe6 Rf7 27. Ka2 Qe3 28. h5 Qxg5 29. h6+ Kg8 30. Rf1 Qf4 31. Rxf4 exf4 32. e5 dxe5 33. Ne4 f3 34. c3 c5 35. c4 g5 36. Ka3 f2 37. Nxf2 1-0

[Event "Pfalz op 10th"]
[Site "Neustadt an der Weinstrasse"]
[Date "2019.03.02"]
[Round "2"]
[White "Popovic, Dusan"]
[Black "Adocchio, Giampiero"]
[Result "1-0"]
[WhiteElo "2511"]
[BlackElo "2171"]
[PlyCount "51"]
[EventDate "2019.03.01"]
[EventType "swiss"]
[EventRounds "9"]
[EventCountry "GER"]
[SourceTitle "CBM 189 Extra"]
[Source "ChessBase"]
[SourceDate "2019.06.03"]
[SourceVersion "1"]
[SourceVersionDate "2019.06.03"]
[SourceQuality "1"]

1. e4 e6 2. d4 d5 3. Nd2 Nf6 4. e5 Nfd7 5. Bd3 c5 6. c3 Nc6 7. Ne2 cxd4 8. cxd4 f6 9. exf6 Nxf6 10. Nf3 Bd6 11. 0-0 Qc7 12. h3 0-0 13. Be3 a6 14. Rc1 h6 15. Nh4 g5 16. Ng6 Re8 17. f4 g4 18. Ng3 Qg7 19. hxg4 e5 20. fxe5 Nxg4 21. Nh5 Nxe3 22. Nxg7 Nxd1 23. Nxe8 Nxb2 24. Nf6+ Kg7 25. Nh5+ Kg8 26. exd6 1-0

[Event "Heusenstamm Sparkassen op-A 5th"]
[Site "Heusenstamm"]
[Date "2018.11.24"]
[Round "4"]
[White "Adocchio, Giampiero"]
[Black "Pauls, Wilhelm"]
[Result "1-0"]
[WhiteElo "2171"]
[BlackElo "2024"]
[PlyCount "101"]
[EventDate "2018.11.22"]
[EventType "swiss"]
[EventRounds "7"]
[EventCountry "GER"]
[SourceTitle "CBM 188 Extra"]
[Source "ChessBase"]
[SourceDate "2019.02.26"]
[SourceVersion "1"]
[SourceVersionDate "2019.02.26"]
[SourceQuality "1"]

1. e4 c5 2. Nf3 Nc6 3. d4 cxd4 4. Nxd4 e5 5. Nb5 a6 6. Nd6+ Bxd6 7. Qxd6 Qf6 8. Qd2 Nge7 9. c4 0-0 10. Nc3 Nd4 11. Bd3 b5 12. 0-0 Bb7 13. Nd5 Qd6 14. b3 Bxd5 15. cxd5 f5 16. Bb2 fxe4 17. Bxe4 Nef5 18. Rad1 Rac8 19. Rfe1 Qb6 20. Qd3 g6 21. g4 Nh6 22. Bxd4 exd4 23. f3 Nf7 24. Qxd4 Qxd4+ 25. Rxd4 Ng5 26. Kf2 Rc3 27. Re3 Nh3+ 28. Ke2 Rc1 29. Rd1 Rc5 30. Kd2 Rfc8 31. Ree1 Kf7 32. Rc1 Rxc1 33. Rxc1 Rxc1 34. Kxc1 Kf6 35. Kd2 Ke5 36. Kc3 a5 37. b4 a4 38. Bd3 Nf4 39. Bxb5 Nxd5+ 40. Kc4 a3 41. Kb3 Nb6 42. Kxa3 d5 43. Kb3 d4 44. Kc2 Nd5 45. a3 g5 46. Bc6 Nf4 47. a4 Kd6 48. Be4 h6 49. a5 Kc7 50. b5 Kb8 51. b6 1-0

[Event "Riga Tech op 8th"]
[Site "Riga"]
[Date "2018.08.12"]
[Round "9"]
[White "Jablonicky, Martin"]
[Black "Adocchio, Giampiero"]
[Result "1/2-1/2"]
[WhiteElo "2361"]
[BlackElo "2136"]
[PlyCount "82"]
[EventDate "2018.08.06"]
[EventType "swiss"]
[EventRounds "9"]
[EventCountry "LAT"]
[SourceTitle "CBM 185 Extra"]
[Source "ChessBase"]
[SourceDate "2018.07.29"]
[SourceVersion "1"]
[SourceVersionDate "2018.07.29"]
[SourceQuality "1"]

1. Nf3 d5 2. g3 Bg4 3. Bg2 Nd7 4. 0-0 e6 5. d3 Ngf6 6. Nbd2 Be7 7. e4 dxe4 8. dxe4 0-0 9. Qe2 Ne5 10. Rd1 Qc8 11. h3 Nxf3+ 12. Nxf3 Bxf3 13. Bxf3 e5 14. Kg2 c6 15. Be3 Qc7 16. g4 Rfd8 17. g5 Nd7 18. Bg4 Nf8 19. h4 Rxd1 20. Rxd1 Rd8 21. h5 Rxd1 22. Qxd1 b6 23. Kh3 g6 24. hxg6 hxg6 25. Kh4 Bd6 26. Qd3 Qe7 27. Qc4 c5 28. Qd5 Kg7 29. Bd2 Nh7 30. Kh3 Bc7 31. Qd7 Bd8 32. Qxe7 Bxe7 33. Kh4 f6 34. gxf6+ Nxf6 35. Bg5 Nxg4 36. Kxg4 Bxg5 37. Kxg5 b5 38. b3 b4 39. Kh4 Kf7 40. Kg5 Kg7 41. Kh4 Kf7 1/2-1/2

[Event "Riga Tech op 8th"]
[Site "Riga"]
[Date "2018.08.06"]
[Round "1"]
[White "Pechac, Jergus"]
[Black "Adocchio, Giampiero"]
[Result "1-0"]
[WhiteElo "2431"]
[BlackElo "2136"]
[PlyCount "49"]
[EventDate "2018.08.06"]
[EventType "swiss"]
[EventRounds "9"]
[EventCountry "LAT"]
[SourceTitle "CBM 185 Extra"]
[Source "ChessBase"]
[SourceDate "2018.07.29"]
[SourceVersion "1"]
[SourceVersionDate "2018.07.29"]
[SourceQuality "1"]

1. d4 Nf6 2. c4 e6 3. Nc3 Bb4 4. Nf3 d5 5. Qa4+ Nc6 6. a3 Bxc3+ 7. bxc3 0-0 8. Bg5 h6 9. Bh4 g5 10. Bg3 Ne4 11. Qc2 f5 12. e3 Na5 13. Ne5 c5 14. f3 Nxg3 15. hxg3 Kg7 16. Kf2 Nc6 17. Nxc6 bxc6 18. dxc5 Qe7 19. cxd5 cxd5 20. c4 Qxc5 21. Qc3+ Kg6 22. Be2 Ba6 23. f4 g4 24. Qe5 Rae8 25. Bxg4 1-0

[Event "GER CupT 1718 prel8"]
[Site "Groebenzell"]
[Date "2018.01.13"]
[Round "1.1"]
[White "Adocchio, Giampiero"]
[Black "Schuster, Karsten"]
[Result "1/2-1/2"]
[WhiteElo "2138"]
[BlackElo "2287"]
[PlyCount "156"]
[EventDate "2018.01.13"]
[EventType "team-k.o."]
[EventRounds "2"]
[EventCountry "GER"]
[SourceTitle "EXT 2019"]
[Source "ChessBase"]
[SourceDate "2018.10.10"]
[SourceVersion "1"]
[SourceVersionDate "2018.10.10"]
[SourceQuality "1"]
[WhiteTeam "Mosbach"]
[BlackTeam "Groebenzell"]
[WhiteTeamCountry "GER"]
[BlackTeamCountry "GER"]

1. d4 d5 2. Bf4 c5 3. e3 cxd4 4. exd4 Nc6 5. c3 Nf6 6. Nf3 Bf5 7. Bd3 Bxd3 8. Qxd3 e6 9. 0-0 Be7 10. Nbd2 0-0 11. h3 Qb6 12. a4 Rfc8 13. Qb5 Nd7 14. Rfe1 a6 15. Qxb6 Nxb6 16. Ne5 Nxe5 17. Bxe5 Nc4 18. Nxc4 Rxc4 19. Bf4 Rac8 20. Bd2 Kf8 21. Kf1 Bd6 22. f4 g6 23. Ke2 Ke7 24. Kd3 Kd7 25. Rec1 h5 26. b3 R4c6 27. c4 Rb6 28. Rab1 Ba3 29. Rf1 Rxb3+ 30. Rxb3 dxc4+ 31. Kc2 cxb3+ 32. Kxb3 Be7 33. g4 hxg4 34. hxg4 Rh8 35. f5 Rh2 36. fxg6 fxg6 37. Be1 Rg2 38. Rf7 Ke8 39. Rf4 Re2 40. Bc3 g5 41. Rf3 Re4 42. Rg3 Bd6 43. Rg1 Kd7 44. Kc4 Kc6 45. a5 Bc7 46. Kd3 Kd5 47. Rb1 Rxg4 48. Rxb7 Rg3+ 49. Kc2 Bf4 50. Rb6 g4 51. Rxa6 Rf3 52. Ra8 g3 53. Rg8 Kc4 54. Rc8+ Kb5 55. Rc5+ Ka6 56. Rc6+ Kb7 57. Rb6+ Kc7 58. Rb1 g2 59. a6 Rf2+ 60. Kd3 Ra2 61. d5 exd5 62. Rb7+ Kc6 63. Rg7 Bh2 64. Bd4 Ra3+ 65. Ke2 Rxa6 66. Rxg2 Bd6 67. Rg8 Kb5 68. Rc8 Ra3 69. Kd2 Rh3 70. Kc2 Bf4 71. Rc5+ Kb4 72. Rxd5 Kc4 73. Rd8 Rh2+ 74. Kd1 Rd2+ 75. Ke1 Be3 76. Rc8+ Kxd4 77. Rd8+ Kc3 78. Rxd2 Bxd2+ 1/2-1/2

[Event "Staufer op-A 30th"]
[Site "Schwaebisch Gmuend"]
[Date "2018.01.05"]
[Round "8"]
[White "Adocchio, Giampiero"]
[Black "Arnold, Max"]
[Result "1/2-1/2"]
[WhiteElo "2138"]
[BlackElo "2286"]
[PlyCount "82"]
[EventDate "2018.01.02"]
[EventType "swiss"]
[EventRounds "9"]
[EventCountry "GER"]
[SourceTitle "CBM 182 Extra"]
[Source "ChessBase"]
[SourceDate "2018.02.23"]
[SourceVersion "1"]
[SourceVersionDate "2018.02.23"]
[SourceQuality "1"]

1. d4 Nf6 2. Bf4 d5 3. e3 e6 4. Nd2 c5 5. c3 Nc6 6. Ngf3 cxd4 7. cxd4 Qb6 8. Rb1 Nh5 9. Bg3 Nxg3 10. hxg3 g6 11. Be2 Bg7 12. 0-0 a5 13. Qa4 0-0 14. b4 Bd7 15. b5 Ne7 16. Nb3 Rfc8 17. Rfc1 Be8 18. Ne5 Qd6 19. Nd3 b6 20. Nd2 Ra7 21. Rxc8 Nxc8 22. Rc1 Rc7 23. Rxc7 Qxc7 24. Qb3 Nd6 25. a4 Bd7 26. Bf1 Bc8 27. Be2 Bb7 28. Bd1 Ne4 29. Nf3 f6 30. g4 Kf7 31. g5 Nxg5 32. Nxg5+ fxg5 33. g4 Bf6 34. Bf3 Kg7 35. Kg2 Bc8 36. Qa2 Qc3 37. Qe2 Bb7 38. Qd1 Kf7 39. Kg1 Ke7 40. Kg2 Kd6 41. Be2 Qc8 1/2-1/2

[Event "Staufer op-A 30th"]
[Site "Schwaebisch Gmuend"]
[Date "2018.01.05"]
[Round "7"]
[White "Schulz, Karsten"]
[Black "Adocchio, Giampiero"]
[Result "1/2-1/2"]
[WhiteElo "2293"]
[BlackElo "2138"]
[PlyCount "69"]
[EventDate "2018.01.02"]
[EventType "swiss"]
[EventRounds "9"]
[EventCountry "GER"]
[SourceTitle "CBM 182 Extra"]
[Source "ChessBase"]
[SourceDate "2018.02.23"]
[SourceVersion "1"]
[SourceVersionDate "2018.02.23"]
[SourceQuality "1"]

1. c4 Nf6 2. g3 e6 3. Bg2 d5 4. Nf3 Be7 5. 0-0 0-0 6. b3 b6 7. Bb2 Bb7 8. e3 Nbd7 9. Nc3 Re8 10. Qe2 Ne4 11. Rfd1 Ndf6 12. Rac1 Bf8 13. Nb1 a5 14. d3 Nc5 15. Ne5 Rc8 16. d4 Ncd7 17. cxd5 exd5 18. Nc6 Bxc6 19. Rxc6 Bd6 20. Na3 Nb8 21. Rcc1 c6 22. Nc2 Qe7 23. Ne1 Ne4 24. Nd3 Rc7 25. Ne5 f6 26. Nd3 Qf7 27. Rc2 Rce7 28. Qe1 Qg6 29. Re2 h5 30. Nf4 Qh6 31. f3 Ng5 32. Qf2 h4 33. Bc1 hxg3 34. hxg3 f5 35. Nd3 1/2-1/2

[Event "Staufer op-A 30th"]
[Site "Schwaebisch Gmuend"]
[Date "2018.01.02"]
[Round "1"]
[White "Noe, Christopher"]
[Black "Adocchio, Giampiero"]
[Result "1-0"]
[WhiteElo "2474"]
[BlackElo "2138"]
[PlyCount "115"]
[EventDate "2018.01.02"]
[EventType "swiss"]
[EventRounds "9"]
[EventCountry "GER"]
[SourceTitle "CBM 182 Extra"]
[Source "ChessBase"]
[SourceDate "2018.02.23"]
[SourceVersion "1"]
[SourceVersionDate "2018.02.23"]
[SourceQuality "1"]

1. d4 Nf6 2. c4 e6 3. Nc3 Bb4 4. Qc2 0-0 5. a3 Bxc3+ 6. Qxc3 d5 7. Nf3 dxc4 8. Qxc4 b6 9. Bf4 Nd5 10. Bg3 Ba6 11. Qc2 Nd7 12. e4 Bxf1 13. Rxf1 N5f6 14. Bh4 Qc8 15. Qc6 Rb8 16. b4 Re8 17. Rc1 Qa6 18. Rc3 Rbc8 19. Nd2 Nb8 20. Qc4 Qb7 21. Bxf6 gxf6 22. Ke2 Nd7 23. Rb1 Kh8 24. b5 f5 25. Rbc1 Nf6 26. Qc6 Qxc6 27. Rxc6 Re7 28. d5 Ne8 29. d6 Rd7 30. Nc4 f6 31. e5 Rcd8 32. dxc7 Nxc7 33. exf6 Nxb5 34. Ne5 Nd4+ 35. Ke3 Nxc6 36. Nxd7 Rxd7 37. Rxc6 Kg8 38. Rxe6 Kf7 39. Rc6 Kg6 40. h4 h5 41. f7+ Kxf7 42. Rh6 Kg7 43. Rxh5 Kg6 44. Rg5+ Kf6 45. Rg8 Kf7 46. Rc8 Kg6 47. f3 Rd5 48. Rc6+ Kh5 49. Kf4 Rd4+ 50. Kxf5 Kxh4 51. f4 Ra4 52. Rc3 Ra5+ 53. Ke6 Kg4 54. Rf3 Rf5 55. Rg3+ Kxg3 56. Kxf5 b5 57. Ke5 a5 58. f5 1-0

[Event "Heusenstamm Sparkassen op-A 4th"]
[Site "Heusenstamm"]
[Date "2017.11.26"]
[Round "6"]
[White "Adocchio, Giampiero"]
[Black "Zimmer, Gerald"]
[Result "1-0"]
[WhiteElo "2133"]
[BlackElo "1982"]
[PlyCount "77"]
[EventDate "2017.11.23"]
[EventType "swiss"]
[EventRounds "7"]
[EventCountry "GER"]
[SourceTitle "EXT 2019"]
[Source "ChessBase"]
[SourceDate "2018.10.10"]
[SourceVersion "1"]
[SourceVersionDate "2018.10.10"]
[SourceQuality "1"]

1. e4 e6 2. d4 d5 3. Nc3 Bb4 4. e5 Qd7 5. Qg4 f5 6. Qg3 c5 7. a3 Bxc3+ 8. bxc3 c4 9. a4 b6 10. Nh3 Nc6 11. Nf4 Qf7 12. Be2 Nge7 13. h4 Bd7 14. h5 Rg8 15. h6 0-0-0 16. hxg7 Rxg7 17. Qf3 Rdg8 18. g3 Rh8 19. Nh5 Rg6 20. Rh2 Ng8 21. Qh1 Nce7 22. Nf4 Rg7 23. Ba3 Bc6 24. Bh5 Ng6 25. Bxg6 Rxg6 26. Nxg6 Qxg6 27. a5 f4 28. Qf3 Nh6 29. axb6 axb6 30. Qxf4 Qxc2 31. Qd2 Qxd2+ 32. Kxd2 Ng4 33. Rg2 Kb7 34. f3 Nh6 35. Rh2 Nf7 36. Be7 h6 37. Ke3 Ra8 38. Rxa8 Kxa8 39. Bf8 1-0

[Event "Heusenstamm Sparkassen op-A 4th"]
[Site "Heusenstamm"]
[Date "2017.11.25"]
[Round "4"]
[White "Adocchio, Giampiero"]
[Black "Berberich, Christoph"]
[Result "1/2-1/2"]
[WhiteElo "2133"]
[BlackElo "1958"]
[PlyCount "55"]
[EventDate "2017.11.23"]
[EventType "swiss"]
[EventRounds "7"]
[EventCountry "GER"]
[SourceTitle "EXT 2019"]
[Source "ChessBase"]
[SourceDate "2018.10.10"]
[SourceVersion "1"]
[SourceVersionDate "2018.10.10"]
[SourceQuality "1"]

1. d4 Nf6 2. Bf4 c5 3. d5 d6 4. Nc3 g6 5. e4 Bg7 6. Nf3 0-0 7. a4 Qb6 8. Bd2 e6 9. Be2 exd5 10. exd5 Bf5 11. a5 Qd8 12. 0-0 Na6 13. Nh4 Nxd5 14. Nxf5 Nxc3 15. Bxc3 Bxc3 16. Nxd6 Bxb2 17. Rb1 Be5 18. Nxb7 Qxd1 19. Rfxd1 Nb4 20. Nxc5 Nxc2 21. Bf3 Rad8 22. Nd7 Rfe8 23. Rb7 Bd4 24. g3 Re1+ 25. Rxe1 Nxe1 26. Be4 Re8 27. Bd5 Re7 28. Kf1 1/2-1/2

[Event "Heusenstamm Sparkassen op-A 4th"]
[Site "Heusenstamm"]
[Date "2017.11.23"]
[Round "1"]
[White "Berkes, Joerg"]
[Black "Adocchio, Giampiero"]
[Result "0-1"]
[WhiteElo "1831"]
[BlackElo "2133"]
[PlyCount "90"]
[EventDate "2017.11.23"]
[EventType "swiss"]
[EventRounds "7"]
[EventCountry "GER"]
[SourceTitle "EXT 2019"]
[Source "ChessBase"]
[SourceDate "2018.10.10"]
[SourceVersion "1"]
[SourceVersionDate "2018.10.10"]
[SourceQuality "1"]

1. Nf3 Nf6 2. g3 g6 3. Bg2 Bg7 4. d3 0-0 5. 0-0 d5 6. Nbd2 c5 7. e4 d4 8. a4 Nc6 9. Nc4 Be6 10. b3 h6 11. Qe2 a6 12. a5 Bxc4 13. bxc4 Nxa5 14. e5 Ne8 15. e6 Nc6 16. exf7+ Rxf7 17. Nh4 g5 18. Bd5 gxh4 19. Qh5 e6 20. Bxe6 Qf6 21. Bxf7+ Qxf7 22. Qxh4 Nd6 23. Ba3 Ne5 24. f4 Nd7 25. f5 Qf6 26. Qh3 Re8 27. Bc1 Re2 28. g4 Rxc2 29. Bf4 Nf7 30. Rab1 Ng5 31. Qg3 Qc6 32. h4 Nf7 33. g5 hxg5 34. hxg5 Be5 35. g6 Nd6 36. Bxe5 Nxe5 37. f6 Kf8 38. g7+ Kg8 39. Rbe1 Ndf7 40. Qh3 Nxd3 41. Re7 Nf2 42. Rxf2 Rxf2 43. Kxf2 Qxf6+ 44. Kg1 Qxe7 45. Qc8+ Kxg7 0-1

[Event "Reykjavik op"]
[Site "Reykjavik"]
[Date "2016.03.09"]
[Round "2"]
[White "Adocchio, Giampiero"]
[Black "Shabalov, Alexander"]
[Result "0-1"]
[WhiteElo "2174"]
[BlackElo "2520"]
[PlyCount "42"]
[EventDate "2016.03.08"]
[EventType "swiss"]
[EventRounds "10"]
[EventCountry "ISL"]
[SourceTitle "CBM 171 Extra"]
[Source "ChessBase"]
[SourceDate "2016.04.26"]
[SourceVersion "1"]
[SourceVersionDate "2016.04.26"]
[SourceQuality "1"]

1. e4 Nf6 2. e5 Nd5 3. c4 Nb6 4. d4 d6 5. exd6 cxd6 6. Nc3 g6 7. a4 Bg7 8. a5 N6d7 9. Ra3 0-0 10. Nf3 Nc6 11. d5 Nb4 12. Qa4 Na6 13. b4 e6 14. Bg5 Nf6 15. Be2 Bd7 16. b5 h6 17. Bh4 exd5 18. Nxd5 g5 19. Qd1 Nxd5 20. cxd5 Nc7 21. Bg3 Nxb5 0-1